00545nam a2200157Ia 4500008004000000082001600040100002100056245001600077260003600093300000800129650001600137690002700153906001100180999001900191952017700210210210b1995 xxu||||| |||| 00| 0 eng d a820.33 ANAU aANAND (Mulk Raj) aUntouchable aMysorebGeetha Book Housec1995 a158 aUntouchable aIndian English Fiction a058441 c105501d105501 001040708EnglishaALbALcEnglish Literatured2021-02-17eSchool Book Company, Mangalore.g30.00l5o820.33 ANAUp058441r2026-01-23 14:48:14s2026-01-23w2021-02-17yBK